NATO - Statistiken

Allgemein
  • Dieses Quiz wurde 34 mal gespielt
  • Das Durchschnittsergebnis liegt bei 2 aus 6
Answers on the Grid
Answers color-coded by a green-red scale on the quiz's grid according to % correct below.
NATO
Robertson
International Peacekeeping
United Nations
Mark Rutte
Hans Ferdinand
Relix
____
____
____
 
Antwortstatistiken
Antwort % Korrekt
NATO
96%
Mark Rutte
36%
Robertson
32%
____
16%
____
8%
Relix
8%
Keine übereinstimmenden Quizze gefunden
Verteilung der Resultate
Anzahl Personen mit jedem Resultat
Perzentil nach korrekt beantworteten Fragen
Ihre Resultats-Entwicklung
Sie haben dieses Quiz noch nicht gespielt